| 000 | 05949nam a22005777a 4500 | ||
|---|---|---|---|
| 001 | B262912-937 | ||
| 003 | dpl | ||
| 005 | 20080602112520.0 | ||
| 008 | 080602t xxu||||| |||| 00| 0 eng d | ||
| 010 | _aB-262912-937 | ||
| 020 |
_a8184080921 _c130.00 |
||
| 037 |
_aIPH027 _bIndiana Pub.House/ 24.4.08/15/8.4.08/19.5.08/130.00/ |
||
| 040 |
_aDPL _bENG |
||
| 082 | _aN | ||
| 100 | _aSwift, Jonathan | ||
| 245 |
_aGulliver's travels / _cby Jonathan Swift; adapted by Jim Henderson |
||
| 260 |
_aNew Delhi _bIndiana Publishing House _c2007 |
||
| 270 |
_a2/13, Ansari Road, Darya Ganj, _bNew Delhi _e110002 |
||
| 300 |
_ax, 238p.: _bill. _c22 cm(Hb) |
||
| 490 | _aKnowledge masters | ||
| 700 | _aHenderson, Jim | ||
| 942 |
_2ddc _cCH _hS _mSWI |
||
| 999 |
_c13219 _d13219 |
||